Statistics for Question Picross

Click here to take the quiz!

General Stats

  • This quiz has been taken 32 times
  • The average score is 15 of 21

Answer Stats

QuestionAnswer% Correct
.
100%
This orange vegetable can enhance your eyesightCarrot
100%
.
92%
.
92%
Which fictional character travelled to Wonderland?Alice
92%
Which video game character was supposed to be a rabbit, but was changed to a hedgehog?Sonic
92%
.
88%
“Eh, what’s up doc?”Bugs Bunny
88%
.
84%
A horseshoe is considered good luck. What plant shares this trait?Four Leaf Clover
84%
.
80%
Finish the title:Who Framed {Roger Rabbit}?
80%
.
72%
Rabbit
72%
Someone that studies animals is called a...Zoologist
72%
.
56%
End of the shoelaceAglet
56%
.
44%
In New Super Mario a Bros. U, this character steals items from ToadsNabbit
44%
.
28%
Before Mickey Mouse, there was this character:Oswald
28%

Score Distribution

Percentile by Number Answered

Percent of People with Each Score

Your Score History

You have not taken this quiz